De justo imperio lusitanorum asiatico / (Record no. 65324)

MARC details
000 -LEADER
campo de control de longitud fija 00642nam a2200181 i 4500
001 - NÚMERO DE CONTROL
campo de control 65324
003 - IDENTIFICADOR DE NÚMERO DE CONTROL
campo de control ES-MaACL
007 - CAMPO FIJO DE DESCRIPCIÓN FÍSICA--INFORMACIÓN GENERAL
campo de control de longitud fija t|
008 - DATOS DE LONGITUD FIJA--INFORMACIÓN GENERAL
campo de control de longitud fija 040112s1925 sp ||||1| spa d
100 1# - ENTRADA PRINCIPAL--NOMBRE DE PERSONA
Nombre de persona Freitas, Serafín.
9 (RLIN) 52469
245 10 - MENCIÓN DEL TÍTULO
Título De justo imperio lusitanorum asiatico /
Mención de responsabilidad, etc. obra de Serafín de Freitas ; con un prólogo de Fernández Prida ; traducción de José Zurita.
260 ## - PUBLICACIÓN, DISTRIBUCIÓN, ETC.
Lugar de publicación, distribución, etc. Valladolid :
Nombre del editor, distribuidor, etc. Casa Social Católica,
Fecha de publicación, distribución, etc. 1925.
300 ## - DESCRIPCIÓN FÍSICA
Extensión 366 p. ;
Dimensiones 24 cm.
500 ## - NOTA GENERAL
Nota general Reimp. a costa de la Universidad de Valladolid.
700 1# - ENTRADA AGREGADA--NOMBRE PERSONAL
Nombre de persona Fernández Prida, Joaquín.
9 (RLIN) 50011
700 1# - ENTRADA AGREGADA--NOMBRE PERSONAL
Nombre de persona Zurita, José.
9 (RLIN) 118538
852 ## - LOCALIZACIÓN
Ubicación ES-MaACL
Número de control de estantería B-5446
Holdings
Estatus retirado Estado de pérdida Estado de daño No para préstamo Biblioteca de origen Biblioteca actual Ubicación en estantería Fecha de adquisición Fuente de adquisición Total de préstamos Signatura topográfica completa Código de barras Visto por última vez Precio de reemplazo Tipo de ítem Koha
        Biblioteca del Ateneo de Madrid Biblioteca del Ateneo de Madrid Sala Pardo Bazán 17/01/2008     B-5446 1068439 23/02/2023 23/02/2023 Libro impreso